| 000 | 01265nam2a2200301 4500 | ||
|---|---|---|---|
| 001 | RU\NLR\BIBL_A\010722773 | ||
| 005 | 20250614091730.0 | ||
| 010 | _a978-5-94774-367-8 | ||
| 021 |
_aRU _b15-11070 |
||
| 035 | _a(NLR Aleph) 010722773 | ||
| 090 |
_a9829985 _c9829985 |
||
| 100 | _a20150409d2015 |||y0rusy50 ca | ||
| 101 | 0 | _arus | |
| 102 | _aRU | ||
| 105 | _aac||z|||001yy | ||
| 200 | 1 | _aПути передачи информации | |
| 210 |
_d2015 _aБ. м. |
||
| 215 |
_a448 с. _cил., цв. ил., портр. |
||
| 225 | 1 | _aЛучший зарубежный учебник | |
| 320 | _aБиблиогр.: с. 375-388 | ||
| 320 | _aПредм.-имен. указ.: с. 389-436 | ||
| 461 | 0 |
_1001RU\NLR\bibl\1877707 _12001#$aОсновы биохимии Ленинджера$v[Т.] 3 _92615681 _aНельсон, Д. Л. _cМосква _d2011 _fД. Нельсон, М. Кокс _nБИНОМ. Лаборатория знаний _oв 3 т. _tОсновы биохимии Ленинджера _y9785947743647 _v[Т.] 3 |
|
| 606 | 1 |
_aГенетическая информация _jУчебные издания _91235818 _3RU\NLR\AUTH\66186743 |
|
| 686 | 1 | _aЕ041.12я7 | |
| 942 | _cBOOK | ||
| 980 | _aNB | ||